000 00543nam a2200169 i 4500
001 147583
003 ES-MaACL
005 20230906202117.0
007 t|
008 071003s1967 sp ||||1| spa d
080 _a86-1"19"
100 1 _aUrzainqui Erro, Pascual Manuel.
_9112282
245 1 0 _aPoemas rojos...! Poemas blancos...! Poesía... poesía... poesía... /
_cPascual Manuel Urzainqui Erro.
260 _a[Pamplona :
_bs.n.,
_c1967] (
_fImp. La Acción Social)
300 _a262 p. ;
_c18 cm.
852 _aES-MaACL
_jG-15933
_bR.62264
999 _c147583
_d147583